banner-ar

قضايا التنمية فى الدول النامية : (Record no. 62331)

MARC details
000 -الفاتح
حقل البيانات ثابتة الطول 01060nam a22002417a 4500
005 - وقت وتاريخ اخر تعامل مع التسجيلة
رقم الضبط 20240530110545.0
008 - عناصر البيانات ثابتة الطول - معلومات عامة
حقل البيانات ثابتة الطول 160116s2013 ua g 000 0 ara d
017 ## - رقم الايداع القانونى
رقم الايداع القانونى 2012/13656
المصدر ( الهيئة المختصة) مصر . دار الكتب المصرية
040 ## - مصدر الفهرسة
وكالة الفهرسة الأصلية EG-CaGPL
082 04 - رقم تصنيف ديوى العشرى
رقم الطبعة 21
رقم التصنيف 307.14\
رقم المادة أ ق
100 0# - المدخل الرئيسى - إسم شخصى
الإسم الشخصى احمد عبدالرؤوف درويش .
245 10 - بيان العنوان
العنوان قضايا التنمية فى الدول النامية :
بقية العنوان مقدمة فى سوسيولوجيا التنمية /
بيان المسئوليه,etc تاليف احمد عبدالرؤوف درويش .
250 ## - بيان الطبعة
بيان الطبعة ط1.
260 ## - PUBLICATION, DISTRIBUTION, ETC. (IMPRINT)
تاريخ النشر أو التوزيع 2013 .
300 ## - الوصف المادى
التعداد 191 ص ؛
أبعاد الوعاء 24 سم .
504 ## - تبصرة ببليوجرافية
تبصرة ببليوجرافية,الخ يشتمل على ارجاعات ببليوجرافية .
651 04 - المدخل الاضافى بالموضوع - اسم جغرافى
الاسم الجغرافي الدول النامية .
651 04 - المدخل الاضافى بالموضوع - اسم جغرافى
الاسم الجغرافي الدول النامية
التقسيم الفرعي العام التنمية الاقتصادية .
651 04 - المدخل الاضافى بالموضوع - اسم جغرافى
الاسم الجغرافي الدول النامية
التقسيم الفرعي العام الاحوال السياسية .
942 ## - عناصر المدخل الإضافي( كوها)
مصدر التصنيف او مخطط الترفيف Dewey Decimal Classification
Koha [default] item type كتاب
260 ## - PUBLICATION, DISTRIBUTION, ETC. (IMPRINT)
-- الاسكندرية :
-- دار الوفاء لدنيا الطباعة و النشر ،
Holdings
حالة التراجع حالة الفقد حالة تلف ليس للاعارة المكان المؤقت الموقع الحالى تاريخ الاكتساب اجمالي اﻻعارات رقم الطلب الباركود تاريخ اخر مشاهدة تاريخ تفعيل السعر نوع وعاء كوها
        مكتبة القاهرة الكبرى مكتبة القاهرة الكبرى 05/23/2016   307.14\ أ ق 162018 05/23/2016 05/23/2016 كتاب

Powered By

EGPV